000 00522nam a2200193Ia 4500
003 OSt
005 20241008094743.0
008 210210b1984 xxu||||| |||| 00| 0 eng d
040 _cAL
082 _a823.912 SINL
100 _aSINGH (Tajindar)
_9181678
245 _aLiterary criticism of D H Lawrence
260 _aN D
_bAcademic Paperbacks
_c1984
300 _aviii,167
650 _aModern Judgements, Henry James Lawrence D H
_9181679
690 _aEnglish Criticism
_9181685
906 _a039758
942 _2ddc
_cBK
999 _c89808
_d89808